club de foot logo - Statistiques

Statistiques générales
  • Ce quiz a été pris 104 fois
  • Le résultat moyen est 6 sur 8
Statistiques - réponses
Par images Réponse % Correct
real sociedad
97%
Genoa
87%
Wolverhampton
80%
Botafogo
79%
Fluminense
68%
Trabzonspor
68%
Hull City
67%
rio ave
34%
Aucun quiz correspondant
Distribution des résultats
% des personnes avec chaque résultat
Percentile par nombre de réponses
Votre historique - résultats
Vous n’avez pas pris ce quiz